[Event "Graz op-A"]
[Site "Graz"]
[Date "2016.02.14"]
[Round "3"]
[White "Dehlinger, Alexander"]
[Black "Martynov, Pavel1111"]
[Result "1/2-1/2"]
[WhiteElo "2234"]
[BlackElo "2386"]
[PlyCount "72"]
[EventDate "2016.02.12"]
[EventType "swiss"]
[EventRounds "9"]
[EventCountry "AUT"]
[SourceTitle "CBM 170 Extra"]
[Source "ChessBase"]
[SourceDate "2016.02.25"]
[SourceVersion "1"]
[SourceVersionDate "2016.02.25"]
[SourceQuality "1"]

1. Nf3 d5 2. d4 Nf6 3. c4 c6 4. Qc2 dxc4 5. Qxc4 Bf5 6. g3 e6 7. Bg2 Nbd7 8. 0-0 Be7 9. e3 0-0 10. Qe2 Qb6 11. Rd1 Ne4 12. Ne1 c5 13. f3 Nef6 14. dxc5 Nxc5 15. Kh1 e5 16. e4 Be6 17. Nc3 Rfd8 18. Be3 Qb4 19. Bf1 b6 20. Qb5 Qxb5 21. Bxb5 a6 22. Be2 b5 23. Nd3 Nxd3 24. Bxd3 Kf8 25. Kg2 Rac8 26. Kf2 Ke8 27. Ke2 Nd7 28. a4 Bb3 29. Rdc1 bxa4 30. Bxa6 Ra8 31. Bb5 a3 32. bxa3 Bxa3 33. Rcb1 Bc2 34. Rh1 Bb3 35. Rhb1 Bc2 36. Rh1 Bb3 1/2-1/2

[Event "Graz op-A"]
[Site "Graz"]
[Date "2016.02.12"]
[Round "1"]
[White "Postny, Evgeny"]
[Black "Dehlinger, Alexander"]
[Result "1-0"]
[WhiteElo "2668"]
[BlackElo "2234"]
[PlyCount "79"]
[EventDate "2016.02.12"]
[EventType "swiss"]
[EventRounds "9"]
[EventCountry "AUT"]
[SourceTitle "CBM 170 Extra"]
[Source "ChessBase"]
[SourceDate "2016.02.25"]
[SourceVersion "1"]
[SourceVersionDate "2016.02.25"]
[SourceQuality "1"]

1. d4 Nf6 2. c4 e6 3. g3 d5 4. Bg2 Bb4+ 5. Nd2 0-0 6. Ngf3 b6 7. 0-0 Bb7 8. a3 Be7 9. cxd5 exd5 10. b4 Nbd7 11. Bb2 c5 12. bxc5 bxc5 13. dxc5 Nxc5 14. Rb1 Re8 15. Nd4 Bf8 16. Ba1 Ba6 17. Re1 Qd7 18. Nf1 Nce4 19. Qb3 Bc4 20. Qf3 Bc5 21. h4 h5 22. Rbd1 Qa4 23. Ne3 Qxa3 24. Nxc4 dxc4 25. e3 Rad8 26. Rc1 Nd2 27. Qf5 Bf8 28. Nc6 Qd3 29. Qb5 Rd5 30. Bxd5 Nxd5 31. Nd4 Qe4 32. Bc3 Nxc3 33. Rxc3 Re5 34. Qb2 Nf3+ 35. Nxf3 Qxf3 36. Rxc4 Rf5 37. Qe2 Qb7 38. Qc2 Qf3 39. Rc8 g5 40. e4 1-0

[Event "Landesliga Sued 1516"]
[Site "Bayern"]
[Date "2015.10.11"]
[Round "1.4"]
[White "Dehlinger, Alexander"]
[Black "Schelle, Artur"]
[Result "1-0"]
[WhiteElo "2234"]
[BlackElo "2166"]
[PlyCount "47"]
[EventDate "2015.10.11"]
[EventType "team-tourn"]
[EventRounds "9"]
[EventCountry "GER"]
[SourceTitle "EXT 2018"]
[Source "ChessBase"]
[SourceDate "2017.10.13"]
[SourceVersion "1"]
[SourceVersionDate "2017.10.13"]
[SourceQuality "1"]
[WhiteTeam "Garching II"]
[BlackTeam "Muenchen Tarrasch"]
[WhiteTeamCountry "GER"]
[BlackTeamCountry "GER"]

1. Nf3 g6 2. d4 Bg7 3. c4 d6 4. g3 Nf6 5. Bg2 0-0 6. 0-0 c6 7. Nc3 Qa5 8. e4 e5 9. h3 Nbd7 10. Re1 Re8 11. d5 cxd5 12. cxd5 b5 13. Bd2 b4 14. Na4 Nb6 15. Nxb6 Qxb6 16. Qb3 Rb8 17. Be3 Qa5 18. Nd2 Bd7 19. Rec1 Rec8 20. Rxc8+ Rxc8 21. a3 Rb8 22. Rc1 Ba4 23. axb4 Qxb4 24. Rc8+ 1-0

[Event "Graz op-A"]
[Site "Graz"]
[Date "2015.02.19"]
[Round "8"]
[White "Nguyen, Thai Dai Van"]
[Black "Dehlinger, Alexander"]
[Result "1/2-1/2"]
[WhiteElo "2352"]
[BlackElo "2236"]
[PlyCount "60"]
[EventDate "2015.02.13"]
[EventType "swiss"]
[EventRounds "9"]
[EventCountry "AUT"]
[SourceTitle "CBM 164 Extra"]
[Source "ChessBase"]
[SourceDate "2015.03.02"]
[SourceVersion "1"]
[SourceVersionDate "2015.03.02"]
[SourceQuality "1"]

1. c4 Nf6 2. Nc3 e6 3. e4 c5 4. Nf3 Nc6 5. Be2 e5 6. 0-0 d6 7. h3 g6 8. d3 Bg7 9. Ne1 Be6 10. f4 Qd7 11. Nd5 exf4 12. Bxf4 0-0 13. Nc2 Ne8 14. Rb1 Bxd5 15. cxd5 Nd4 16. Be3 f5 17. Nxd4 cxd4 18. Bf4 Be5 19. exf5 Ng7 20. Bxe5 dxe5 21. fxg6 hxg6 22. Bf3 Qd6 23. Be4 Rxf1+ 24. Qxf1 Rf8 25. Qe2 Nh5 26. Qg4 Kg7 27. Qe6 Qxe6 28. dxe6 Nf4 29. Bxb7 Nxd3 30. Bc6 Kf6 1/2-1/2